00396nam a2200145Ia 4500008004100000082001000041100002100051245001700072260000900089630001700098730001700115942000900132999001900141952009000160100328s9999 xx 000 0 und d b15042 aDell Herman Wouk aThe City Boy bDell aThe City Boy aThe City Boy cBOOK c509913d509910 00104070aRNVbRNVd2010-03-28l0pRNV-15042r2010-03-28 00:00:00w2010-03-28yBOOK